Industrialization in Sandinista Nicaragua : (Record no. 12379)

000 -LEADER
fixed length control field 00466cam a2200157 a 4500
020 ## - INTERNATIONAL STANDARD BOOK NUMBER
ISBN 0813378451 (alk. paper)
040 ## - CATALOGING SOURCE
Transcribing agency DLC
082 00 - DEWEY DECIMAL CLASSIFICATION NUMBER
Classification number 338 WES 1992 A018 Or.
100 1# - MAIN ENTRY--AUTHOR NAME
Personal name Dijkstra, A. Geske.
245 10 - TITLE STATEMENT
Title Industrialization in Sandinista Nicaragua :
Remainder of title policy and practice in a mixed economy /
260 ## - PUBLICATION, DISTRIBUTION, ETC. (IMPRINT)
Place of publication Boulder, CO :
Name of publisher Westview Press,
Year of publication 1992.
300 ## - PHYSICAL DESCRIPTION
Number of Pages xii, 225 p. ;
Dimensions 23 cm.
650 #0 - SUBJECT ADDED ENTRY--TOPICAL TERM
Topical Term Mixed economy
650 #0 - SUBJECT ADDED ENTRY--TOPICAL TERM
Topical Term Industrialization
942 ## - ADDED ENTRY ELEMENTS (KOHA)
Koha item type សៀវភៅភាសាអង់គ្លេស
952 ## - LOCATION AND ITEM INFORMATION (KOHA)
Withdrawn status [LOCAL, KOHA] 0
Holdings
Permanent Location Date acquired Koha item type Lost status Shelving location Barcode Current Location Full call number
Library Block A2017-08-12សៀវភៅភាសាអង់គ្លេស A018A17216Library Block A338 WES 1992 A018 Or.
មជ្ឈមណ្ឌលឯការនៃសាកលវិទ្យាល័យភូមិន្ទកសិកម្មចំការដូង

Powered by Koha